[Event "Rychnov Seniors op"]
[Site "Rychnov nad Kneznou"]
[Date "2012.08.24"]
[Round "5"]
[White "Majerik, Vladimir"]
[Black "Holecek, Vladimir"]
[Result "1/2-1/2"]
[WhiteElo "1881"]
[BlackElo "2005"]
[PlyCount "55"]
[EventDate "2012.08.20"]
[EventType "swiss"]
[EventRounds "9"]
[EventCountry "CZE"]
[SourceTitle "CBM 150 Extra"]
[Source "ChessBase"]
[SourceDate "2012.10.19"]
[SourceVersion "1"]
[SourceVersionDate "2012.10.19"]
[SourceQuality "1"]

1. d4 d5 2. Nf3 Nf6 3. c3 c6 4. Bg5 Ne4 5. Bh4 Qb6 6. Qb3 Nd7 7. e3 Ndf6 8. Nbd2 Bf5 9. Be2 e6 10. 0-0 Bg4 11. Rfe1 Bd6 12. Qxb6 axb6 13. a3 Bxf3 14. Nxf3 h6 15. Rad1 b5 16. Nd2 g5 17. Nxe4 Nxe4 18. Bg3 Nxg3 19. hxg3 h5 20. Bd3 f5 21. f4 0-0-0 22. Kf2 h4 23. Rh1 hxg3+ 24. Kxg3 Rdg8 25. Kf3 g4+ 26. Kf2 Kc7 27. g3 Be7 28. Kg2 1/2-1/2

[Event "Rychnov Seniors op"]
[Site "Rychnov nad Kneznou"]
[Date "2012.08.21"]
[Round "2"]
[White "Hastik, Svatopluk"]
[Black "Majerik, Vladimir"]
[Result "0-1"]
[WhiteElo "2051"]
[BlackElo "1881"]
[PlyCount "90"]
[EventDate "2012.08.20"]
[EventType "swiss"]
[EventRounds "9"]
[EventCountry "CZE"]
[SourceTitle "CBM 150 Extra"]
[Source "ChessBase"]
[SourceDate "2012.10.19"]
[SourceVersion "1"]
[SourceVersionDate "2012.10.19"]
[SourceQuality "1"]

1. d4 d5 2. c4 c6 3. Nc3 Nf6 4. Bg5 dxc4 5. a4 Qa5 6. Bd2 e5 7. Nf3 exd4 8. Nxd4 Qe5 9. e3 Be6 10. Nxe6 Qxe6 11. Qe2 Nbd7 12. Qxc4 Qxc4 13. Bxc4 Ne5 14. Ba2 Rd8 15. Ke2 Be7 16. Rhd1 0-0 17. Be1 Rfe8 18. f3 Rxd1 19. Rxd1 Rd8 20. g4 Rxd1 21. Nxd1 Kf8 22. h3 Ned7 23. Nc3 Bb4 24. g5 Ne8 25. Kd2 Nc5 26. b3 Nc7 27. Kc2 Nd5 28. e4 Nxc3 29. Bxc3 Bxc3 30. Kxc3 Ne6 31. h4 Ke7 32. b4 Nf4 33. Kd4 Ng2 34. h5 h6 35. gxh6 gxh6 36. Ke5 Ne1 37. Kf4 Nd3+ 38. Ke3 Nxb4 39. Bb3 Na6 40. Kd4 Nc7 41. f4 b6 42. f5 c5+ 43. Kd3 f6 44. Ke3 Kd6 45. Kf4 a6 0-1

[Event "Teplice op 7th"]
[Site "Teplice"]
[Date "2012.06.24"]
[Round "9"]
[White "Majerik, Vladimir"]
[Black "Smolik, Boris"]
[Result "1/2-1/2"]
[WhiteElo "1856"]
[BlackElo "1978"]
[PlyCount "62"]
[EventDate "2012.06.16"]
[EventType "swiss"]
[EventRounds "9"]
[EventCountry "CZE"]
[SourceTitle "CBM 149 Extra"]
[Source "ChessBase"]
[SourceDate "2012.08.24"]
[SourceVersion "1"]
[SourceVersionDate "2012.08.24"]
[SourceQuality "1"]

1. d4 d5 2. Bg5 Nf6 3. Bxf6 exf6 4. e3 Bd6 5. Bd3 0-0 6. Nd2 c6 7. Ne2 f5 8. 0-0 Qc7 9. g3 Be6 10. c4 dxc4 11. Bxc4 Bxc4 12. Nxc4 Nd7 13. Nxd6 Qxd6 14. Qb3 Rab8 15. Rac1 g6 16. Nf4 Nf6 17. Rfd1 Rfd8 18. a3 Nd5 19. Nxd5 Qxd5 20. Qxd5 Rxd5 21. Kg2 Kg7 22. Kf3 Kf6 23. Ke2 Ke6 24. Rc2 f6 25. Rdc1 a6 26. Rc5 Rbd8 27. b4 Ke7 28. Rxd5 Rxd5 29. Kd3 Kd6 30. Ke2 Ke6 31. Kd3 Kd6 1/2-1/2

[Event "Teplice op 7th"]
[Site "Teplice"]
[Date "2012.06.22"]
[Round "7"]
[White "Majerik, Vladimir"]
[Black "Novotny, Tomas"]
[Result "1/2-1/2"]
[WhiteElo "1856"]
[BlackElo "1920"]
[PlyCount "60"]
[EventDate "2012.06.16"]
[EventType "swiss"]
[EventRounds "9"]
[EventCountry "CZE"]
[SourceTitle "CBM 149 Extra"]
[Source "ChessBase"]
[SourceDate "2012.08.24"]
[SourceVersion "1"]
[SourceVersionDate "2012.08.24"]
[SourceQuality "1"]

1. d4 Nf6 2. Nf3 d5 3. c3 g6 4. Bg5 Bg7 5. e3 0-0 6. Nbd2 Re8 7. Be2 Nbd7 8. 0-0 c6 9. Qb3 Qb6 10. Bf4 Kh8 11. h3 h6 12. Rac1 Nh7 13. c4 Qxb3 14. Nxb3 e6 15. Rfd1 Nhf6 16. Ne5 Nxe5 17. Bxe5 Nd7 18. Bg3 Kg8 19. Rd2 dxc4 20. Bxc4 Nb6 21. Be2 Nd7 22. Nc5 Nxc5 23. Rxc5 Bf8 24. Rc1 Rd8 25. Rdc2 Bd6 26. Bxd6 Rxd6 27. b4 Bd7 28. Bf3 a6 29. Rc5 Be8 30. a3 Kf8 1/2-1/2

[Event "Teplice op 7th"]
[Site "Teplice"]
[Date "2012.06.21"]
[Round "6"]
[White "Fiala, Jiri"]
[Black "Majerik, Vladimir"]
[Result "1-0"]
[WhiteElo "2024"]
[BlackElo "1856"]
[PlyCount "45"]
[EventDate "2012.06.16"]
[EventType "swiss"]
[EventRounds "9"]
[EventCountry "CZE"]
[SourceTitle "CBM 149 Extra"]
[Source "ChessBase"]
[SourceDate "2012.08.24"]
[SourceVersion "1"]
[SourceVersionDate "2012.08.24"]
[SourceQuality "1"]

1. d4 d5 2. Nf3 Nf6 3. Bf4 c6 4. e3 Bf5 5. Nbd2 e6 6. Be2 Be7 7. Ne5 0-0 8. g4 Be4 9. f3 Bg6 10. h4 h5 11. Nxg6 fxg6 12. Bd3 Qe8 13. Qe2 c5 14. c3 c4 15. Bc2 b5 16. a3 Nc6 17. Be5 Qf7 18. Bxf6 Bxf6 19. gxh5 gxh5 20. f4 Ne7 21. Rh3 Nf5 22. Bxf5 exf5 23. e4 1-0

[Event "Hradec Kralove op"]
[Site "Hradec Kralove"]
[Date "2012.05.15"]
[Round "4"]
[White "Stanek, Stanislav"]
[Black "Majerik, Vladimir"]
[Result "1-0"]
[WhiteElo "1998"]
[BlackElo "1856"]
[PlyCount "107"]
[EventDate "2012.05.12"]
[EventType "swiss"]
[EventRounds "9"]
[EventCountry "CZE"]
[SourceTitle "CBM 148 Extra"]
[Source "ChessBase"]
[SourceDate "2012.06.22"]
[SourceVersion "1"]
[SourceVersionDate "2012.06.22"]
[SourceQuality "1"]

1. Nc3 d5 2. e4 dxe4 3. Nxe4 Nf6 4. Ng3 h5 5. Bc4 c6 6. h3 h4 7. Nf1 Bf5 8. d3 e6 9. Bg5 Be7 10. Nf3 Nd5 11. Bxd5 Bxg5 12. Nxg5 Qxg5 13. Bf3 Nd7 14. Qd2 Qxd2+ 15. Nxd2 Ne5 16. Be4 Bxe4 17. dxe4 0-0-0 18. f4 Ng6 19. Rf1 f6 20. 0-0-0 e5 21. fxe5 Nxe5 22. Nf3 Rxd1+ 23. Rxd1 Nxf3 24. gxf3 Re8 25. Rg1 g5 26. Kd2 Kd7 27. Ke3 Ke6 28. f4 Rg8 29. Kf3 Rg7 30. f5+ Kd6 31. Rd1+ Ke7 32. c4 Rg8 33. Rd3 Re8 34. e5 fxe5 35. Kg4 Rg8 36. c5 e4 37. Rd4 Rg7 38. Rxe4+ Kf7 39. Rd4 Ke7 40. Rd6 Rg8 41. Re6+ Kf7 42. Rh6 Rg7 43. Rd6 Kf8 44. f6 Rc7 45. Kxg5 Kf7 46. Kxh4 b6 47. cxb6 axb6 48. Kg5 b5 49. Kf5 c5 50. Rb6 b4 51. Rb5 Ra7 52. Rxc5 Rxa2 53. Rc7+ Kf8 54. Kg6 1-0

[Event "Teplice op 6th"]
[Site "Teplice"]
[Date "2011.06.19"]
[Round "9"]
[White "Hlousek, Zdenek"]
[Black "Majerik, Vladimir"]
[Result "1/2-1/2"]
[WhiteElo "1823"]
[BlackElo "1974"]
[PlyCount "63"]
[EventDate "2011.06.11"]
[EventType "swiss"]
[EventRounds "9"]
[EventCountry "CZE"]
[SourceTitle "CBM 142 Extra"]
[Source "ChessBase"]
[SourceDate "2011.06.27"]
[SourceVersion "1"]
[SourceVersionDate "2011.06.27"]
[SourceQuality "1"]

1. c4 Nf6 2. Nf3 c6 3. g3 d5 4. b3 Bf5 5. d3 e6 6. Bd2 Nbd7 7. Bg2 Bd6 8. 0-0 0-0 9. Nc3 Re8 10. Re1 Bg6 11. Qc2 e5 12. Nh4 d4 13. Na4 Qe7 14. Nxg6 hxg6 15. e4 Bb4 16. Nb2 Bxd2 17. Qxd2 Qe6 18. f3 c5 19. Nd1 a5 20. Nf2 Nb8 21. Rab1 Nc6 22. a3 Reb8 23. Bh3 Qd6 24. Nd1 Kf8 25. Rf1 Ke7 26. f4 Rh8 27. fxe5 Nxe5 28. Bg2 Rh6 29. h3 b6 30. Qe2 Rah8 31. Nf2 Nh5 32. Nh1 1/2-1/2

[Event "Teplice op 6th"]
[Site "Teplice"]
[Date "2011.06.14"]
[Round "4"]
[White "Saffova, Michaela"]
[Black "Majerik, Vladimir"]
[Result "1/2-1/2"]
[WhiteElo "1822"]
[BlackElo "1974"]
[PlyCount "62"]
[EventDate "2011.06.11"]
[EventType "swiss"]
[EventRounds "9"]
[EventCountry "CZE"]
[SourceTitle "CBM 142 Extra"]
[Source "ChessBase"]
[SourceDate "2011.06.27"]
[SourceVersion "1"]
[SourceVersionDate "2011.06.27"]
[SourceQuality "1"]

1. e4 c5 2. c3 d6 3. d4 Nf6 4. Bd3 Nc6 5. Ne2 Qb6 6. dxc5 dxc5 7. Nd2 e5 8. Nc4 Qc7 9. Be3 b5 10. Nd2 c4 11. Bc2 Be6 12. 0-0 Be7 13. f3 0-0 14. b3 Rfd8 15. Qc1 Na5 16. b4 Nc6 17. a4 a6 18. Kh1 Bd6 19. Rg1 Nd7 20. Ng3 f6 21. Ndf1 Nf8 22. Ne2 Ng6 23. Nfg3 Bf8 24. Qb2 Qe7 25. Rad1 Rxd1 26. Rxd1 Rd8 27. Qb1 Rxd1+ 28. Qxd1 Qd7 29. Qxd7 Bxd7 30. axb5 axb5 31. Ng1 Bd6 1/2-1/2